Statistics for Top 15 Countries with Covid-19 Cases - 6 September

Click here to take the quiz!

General Stats

  • This quiz has been taken 19 times
  • The average score is 14 of 23

Answer Stats

country% Correct
Russia
94%
United Kingdom
94%
United States
94%
India
89%
Mexico
89%
Brazil
83%
France
83%
Spain
78%
Argentina
61%
Colombia
61%
Iran
61%
Peru
61%
Chile
56%
Chile
56%
South Africa
56%
Bangladesh
44%
Bahrain
39%
Kuwait
39%
Qatar
39%
Oman
33%
Panama
33%
Armenia
28%
Israel
28%

Score Distribution

Percentile by Number Answered

Percent of People with Each Score

Your Score History

You have not taken this quiz